000 00549nam a2200217Ia 4500
003 OSt
005 20220928145712.0
006 a|||||r|||| 00| 0
007 ta
008 220927b |||||||| |||| 00| 0 eng d
024 _a82151
037 _cTextual
040 _aSDCL
_cSDCL
_beng
041 _2eng
_aeng
082 _aO-,3M57:g, L0
100 _aDowden Wilfred S
_9514211
245 0 _aJoseph Conrad
_bThe imaged style.
260 _c1970
942 _hO-,3M57:g, L0
_cTEXL
_2CC
999 _c834926
_d834926